Statystyki dla Quiz o Austrii

Kliknij tutaj aby rozwiązać quiz!

Ogólne statystyki

  • Ten quiz został rozwiązany 1 949 razy
  • Średni wynik to 11 z 22

Statystyki odpowiedzi

WskazówkaOdpowiedź% Poprawnych
Największe miastaWiedeń
99%
Język oficjalnyniemiecki
97%
Najdłuższa rzekaDunaj
77%
Nazwa państwa w powyższym językuÖsterreich
70%
Kompozytor „Czarodziejskiego fletu”Wolfgang Amadeus
Mozart
69%
Miasto, w którym urodziła się
powyższa osoba
Salzburg
64%
Najdłużej panująca dynastiaHabsburgowie
56%
Taniec towarzyski w rytmie 3/4Walc
56%
Największe miastaGraz
53%
Olimpijskie miasto-gospodarzInnsbruck
51%
Największe miastaLinz
47%
Sport narodowyNarciarstwo alpejskie
42%
Smażony kotlet cielęcy, nazwany
na cześć stolicy
Sznycel wiedeński
42%
Słynny kulturystaArnold Schwarzenegger
40%
Słynny psychoanalitykZygmunt Freud
35%
Szlachetna ranga Franciszka FendynandaArcyksiążę
30%
Okaleczony mistrz F1 w filmie "Wyścig”Niki Lauda
28%
Cesarz Austrii w latach 1848–1916Franciszek Józef I
26%
Słodkie ciasto deserowe, często
wypełnione jabłkiem
Strudel
23%
Dawna walutaSzyling
20%
Najwyższa góraGrossglockner
17%
Narodowy kwiatSzarotka
15%

Rozkład punktacji

Percentyl według liczby udzielonych odpowiedzi

Procent ludzi z każdym wynikiem

Twoja historia wyników

Nie rozwiązałeś tego quizu